| 000 | 00799nam a2200253Ia 4500 | ||
|---|---|---|---|
| 003 | OSt | ||
| 005 | 20220928123949.0 | ||
| 006 | a|||||r|||| 00| 0 | ||
| 007 | ta | ||
| 008 | 220927b |||||||| |||| 00| 0 eng d | ||
| 020 | _cEURO 139.99 | ||
| 024 | _a137463 | ||
| 037 |
_b174, 18/01/2018, Classic Book Service _cTextual |
||
| 040 |
_aSDCL _cSDCL _beng |
||
| 041 |
_2eng _aeng |
||
| 082 | _aXv43, Q7 | ||
| 100 |
_aBarisitz Stephan _9462719 |
||
| 245 | 0 |
_aCentral Asia and the silk road _b Economic rise and decline over several millennia |
|
| 260 |
_aSwitzerland _bSpringer _c2017 |
||
| 300 |
_axv,287p. _ccm. |
||
| 650 |
_aBusiness Economics _9391653 |
||
| 942 |
_hXv43, Q7 _cTEXL _2CC |
||
| 999 |
_c775682 _d775682 |
||